000 00338nam a2200133Ia 4500
008 240624s9999 xx 000 0 und d
041 _aeng
082 _a650.1 WIL
100 _aWILSON JERRY S
245 _aMANAGING BRAND YOU 7 STEPS TO CREATING Y
260 _c2008
_aNew York
_bAMACOM
300 _a236 : p. : cm. ; 23
365 _c
_b30
999 _c11137
_d11137